000 00303pam a2200133 a 4500
020 _c
041 _h
082 _a688.8
_bGOR
100 _aStacey King Gordon.
245 _aPackging Makeovers
_hTextual Documents
260 _a[s.l]:
_bBlackpart Publishers
300 _a160:
_bHard.
930 _a5630
999 _c239420
_d239420